| 000 | 00000nam##2200000za#4500 |
| 001 | 9.568265 |
| 003 | CaOODSP |
| 005 | 20240215150447 |
| 007 | cr ||||||||||| |
| 008 | 150406|1998||||xxc|||||o f|0| 0 eng|d |
| 040 | |aCaOODSP|beng |
| 043 | |an-cn--- |
| 086 | 1 |aPS83-3/74E-PDF |
| 110 | 2 |aCorrectional Service Canada. |
| 245 | 10|aResults of the Legal Services client satisfaction survey March 1997 - March 1998 / |h[electronic resource]|cby Roberta Lynn Sinclair, Colleen Anne Dell and Roger Boe. |
| 260 | |bCorrectional Service Canada |cNovember 1998. |
| 300 | |a40p.|btables |
| 490 | 1 |aResearch report|v[R-74] |
| 590 | |a10-12-Supp|b2010-11-18 |
| 720 | 1 |aDell, Colleen Anne |
| 720 | 1 |aBoe, Roger |
| 720 | 1 |aSinclair, Roberta Lynn |
| 775 | 08|tRésultats du sondage sur la satisfaction des clients des Services juridiques de mars 1997 à mars 1998 / |w(CaOODSP)9.599555 |
| 830 | #0|aResearch report (Correctional Service Canada. Research Branch)|v[R-74]|w(CaOODSP)9.506063 |
| 856 | 40|ahttp://publications.gc.ca|qPDF|s134 KB|uhttps://publications.gc.ca/collections/collection_2010/scc-csc/PS83-3-74-eng.pdf|y[R-74] |